00371nam a22001457a 4500003001200000005001700012008004100029020000600070040001200076082001400088100001600102245006700118260000900185650003100194NUST - PNEC20170116180923.0150905b xxu||||| |||| 00| 0 eng d a- cLIBRARY a621.3 KUK aS. P. Kukde aProblems in electrical engineering with solutionscS. P. Kukde c1991 aElecrtical engineeringxEE